Evanjelická cirkev a otázka židovstva

Bibliographic Details
Main Author: Porubän, Roman 1974- (Author)
Format: Article
Language:Slovak
ISBN:8096903187
Subjects:

MARC

LEADER 00000nab a2200000 ar4500
001 vtls008994941
003 SK-MaSNL
005 20260304024454.0
008 070531|2007 xo er|p|||||||000 b|slo
015 |a SNBRA2007/05 
038 |a PPPK 
040 |a PPPKCL  |b slo  |c PPPKCL  |e AACR2 
041 0 |a slo 
044 |a xo  |c SK 
080 |a 94(=411.16)  |x (437.6)  |x "1939/1945"  |2 1997 
080 |a 284.1  |x (437.6)  |2 1997 
100 1 |a Porubän, Roman  |d 1974-   |4 aut  |9 267303 
245 1 0 |a Evanjelická cirkev a otázka židovstva  |c Roman Porubän, ev. a. v. farár v Kežmarku 
504 |a Bibliogr. odkazy 
648 7 |a 1939-1945  |2 snkbucl  |9 281648 
650 0 7 |a Evanjelická cirkev a.v. na Slovensku  |x Židia  |y 1939-1945  |2 pppkcl  |9 1305271 
650 0 7 |a Židia  |y 1939-1945  |x Evanjelická cirkev a.v. na Slovensku  |2 pppkcl  |9 1305272 
650 0 7 |a holokaust (1939-1945)  |2 pppkcl  |9 160313 
773 0 |t Žili medzi nami. Zborník referátov zo semninárov Dní židovskej kultúry v Kežmarku 2002 - 2003  |d Kežmarok : Múzeum, 2003]  |g S. 38-59  |z 8096903187 
852 |a PPPK  |b KIS3GCP 
958 |a NB 
958 |a NM 
958 |a NT 
999 |c 2622010  |d 2623940